000 00250nam a2200121Ia 4500
008 190216s9999||||xx |||||||||||||| ||und||
100 _aMadan Kaspap
245 0 _aHindi-Mathmeth
260 _bSami
300 _a140
650 _aHindi
942 _cBK
999 _c16337
_d16337